Členské státy EU: Irsko

Historický, politický a hospodársky vývoj Írska. Exportná stratégia. Základné stimuly rastu a vybrané makroekonomické ukazovatele Írska. Zapojenie Írska do svetovej ekonomiky.

Enregistré dans:
Détails bibliographiques
Auteur principal: Lukáš, Zdeněk
Format: Chapitre de livre
Langue:tchèque
Sujets:
Tags: Ajouter un tag
Pas de tags, Soyez le premier à ajouter un tag!

MARC

LEADER 00000naa a2200000 4500
001 r035497
005 20230920100001.6
041 0 |a cze 
044 |a CZ 
245 1 0 |a Členské státy EU: Irsko  |c Zdeněk Lukáš 
520 |a Historický, politický a hospodársky vývoj Írska. Exportná stratégia. Základné stimuly rastu a vybrané makroekonomické ukazovatele Írska. Zapojenie Írska do svetovej ekonomiky. 
610 2 0 |a spolupráca hospodárska medzinárodná 
610 2 0 |a Európska únia 
610 2 0 |a Írsko 
610 2 0 |a vývoj hospodársky 
610 2 0 |a obchod zahraničný 
610 2 0 |a politika obchodná 
610 2 0 |a ukazovatele makroekonomické 
610 2 0 |a produkt domáci hrubý 
610 2 0 |a nezamestnanosť 
610 2 0 |a inflácia 
610 2 0 |a dynamika ekonomiky 
100 1 |a Lukáš, Zdeněk